1545 1889 1136 1703 1812 1384 1130 1120 1720 1603 1855 1961 1434 1710 1635 1669 1186 1258 1679 1688 1853 1005 1275 1383 1938 1134 1613 1130 1141 1573 1187 1957 1799 1697 1177 1968 1457 1011 1099 1728 1382 1828 1958 1041 1798 1876 1857 1359 1048 1131 1440 1254 1072 1630 1661 1207 1220 1037 1993 1276 1694 1777 1986 1204 1191 1258 1435 1528 1779 1679 1515 1482 1921 1913 1598 1705 1342 1841 1617 1360 1381 1440 1131 1324 1126 1349 1889 1376 1350 1723 1479 1238 1909 1147 1124 1334 1126 1322 1742 BCNSPRNW ULIB Ver.6.0+V

เปลี่ยนเป็นภาษาไทย

Change to English
 แสดงรายละเอียดบรรณานุกรม
  กลับหน้าหลัก

Brief Record : Get Marc (ISO 2709) : E-mail record : QR code < ปิดหน้าต่าง
LEADER : 00000nam 2200000uu 4500
001    13399123721
003     ULIB
008    141119s2556||||th 000 0 tha d
020    ^a9786161115333
060  4 ^aWA590^bพ533
245 00 ^aพัฒนาการสำคัญของการสร้างเสริมสุขภาพ :^bรายงานการประชุมระดับโลกเรื่องการสร้างเสริมสุขภาพ = Milestones in health promotion : statements from global conferences /^cสินศักดิ์ชนม์ อุ่นพรมมี, ผู้แปลและเรียบเรียง
246 30 ^aMilestones in health promotion : statements from global conferences
250    ^aพิมพ์ครั้งที่ 1
260    ^aนนทบุรี :^bโครงการสวัสดิการวิชาการ สถาบันพระบรมราชชนก,^c2556
300    ^a62 แผ่น
505 0  ^a^tกฎบัตรออตตาวาเพื่อการสร้างเสริมสุขภาพ - -^tข้อเสนอแนะแอดิเลดเรื่องนโยบายสาธารณะเพื่อสุขภาพ - -^tแถลงการณ์ซุนด์สวอลล์เรื่องสิ่งแวดล้อมที่สนับสนุนสุขภาพ - -^tคำประกาศจาการ์ตา เรื่องการสร้างเสริมสุขภาพในศตวรรษที่ 21 - -^tคำแถลงของรัฐมนตรีเพื่อการสร้างเสริมสุขภาพแห่งเม็กซิโก : จากแนวคิดสู่การดำเนินการ - -^tกฎบัตรกรุงเทพฯ เพื่อการสร้างเสริมสุขภาพในยุคโลกาภิวัฒน์
650  7 ^aการสร้างเสริมสุขภาพ^vการประชุม
650  7 ^aสุขภาพ^vการประชุม
700 0  ^aสินศักดิ์ชนม์ อุ่นพรมมี,^eผู้แปลและเรียบเรียง
710 2  ^aสถาบันพระบรมราชชนก.^bโครงการสวัสดิการวิชาการ
945    ^p100^l0^i21766
945    ^p100^l0^i21767
945    ^p100^l0^i21768
945    ^p100^l0^i21769
945    ^p100^l0^i21770
999    ^aทศพร เกษรทอง
รายการนี้ยังไม่มีแท็ก
คุณยังไม่ได้ล็อกอิน คุณสามารถมีกิจกรรมร่วมกับเว็บไซต์ได้ แต่ต้องล็อกอินก่อน ::
  ล็อกอิน

รายการสื่อสารสนเทศ

ลำดับที่ ประเภท เลขเรียก/บาร์โค้ด สถานที่ สถานะ
1. วิทยาศาสตร์การแพทย์ และสุขภาพ
วิทยาศาสตร์การแพทย์ และสุขภาพ
สถานะ=หนังสือเก่า
WA590 พ533 ฉ.1 
  Barcode: 21766
ห้องสมุดวิทยาเขตนครสวรรค์
►ส่วนจัดเก็บหนังสือเก่า นว.
บนชั้น
  ขอยืม
2. วิทยาศาสตร์การแพทย์ และสุขภาพ
วิทยาศาสตร์การแพทย์ และสุขภาพ
สถานะ=หนังสือเก่า
WA590 พ533 ฉ.2 
  Barcode: 21767
ห้องสมุดวิทยาเขตนครสวรรค์
►ส่วนจัดเก็บหนังสือเก่า นว.
บนชั้น
  ขอยืม
3. วิทยาศาสตร์การแพทย์ และสุขภาพ
วิทยาศาสตร์การแพทย์ และสุขภาพ
สถานะ=หนังสือเก่า
WA590 พ533 ฉ.3 
  Barcode: 21768
ห้องสมุดวิทยาเขตนครสวรรค์
►ส่วนจัดเก็บหนังสือเก่า นว.
บนชั้น
  ขอยืม
4. วิทยาศาสตร์การแพทย์ และสุขภาพ
วิทยาศาสตร์การแพทย์ และสุขภาพ
สถานะ=หนังสือเก่า
WA590 พ533 ฉ.4 
  Barcode: 21769
ห้องสมุดวิทยาเขตนครสวรรค์
►ส่วนจัดเก็บหนังสือเก่า นว.
บนชั้น
  ขอยืม
5. วิทยาศาสตร์การแพทย์ และสุขภาพ
วิทยาศาสตร์การแพทย์ และสุขภาพ
สถานะ=หนังสือเก่า
WA590 พ533 ฉ.5 
  Barcode: 21770
ห้องสมุดวิทยาเขตนครสวรรค์
►ส่วนจัดเก็บหนังสือเก่า นว.
บนชั้น
  ขอยืม

BibComment


ยังไม่เคยถูกคอมเมนท์

คอมเมนท์ทรัพยากรรายการนี้
  คอมเมนท์: พัฒนาการสำคัญของ..


 Copyright 2026. Bcnsprnw @Library